Statistics for Countries of Oceania With An Empty Map

Click here to take the quiz!

General Stats

  • This quiz has been taken 1,473 times
  • The average score is 13 of 14

Answers on the Map

Answers color-coded by a green-red scale on the quiz's map according to % correct below.
 

Answer Stats

Country% Correct
Australia
99%
New Zealand
97%
Fiji
95%
Papua New Guinea
94%
Marshall Islands
93%
Solomon Islands
92%
Kiribati
91%
Tuvalu
91%
Fed. States of Micronesia
90%
Nauru
90%
Palau
90%
Tonga
90%
Samoa
89%
Vanuatu
89%

Score Distribution

Percentile by Number Answered

Percent of People with Each Score

Your Score History

You have not taken this quiz